000 00816nam a2200205 i 4500
001 155298
003 ES-MaACL
005 20250724075055.0
008 000211s1878 sp |||| | spa d
040 _aCCPB | B
_bspa
_cCCPB | B
100 1 _aHeriz, Enrique,
_ds. XIX
_eaut
_9151093
245 1 0 _aMemoria sobre el sistema métrico /
_cpor Enrique Heriz.
260 _aBarcelona :
_b[s.n.],
_c1878
_f(Est. tip. de los Sucesores de Ramírez y Cª)
300 _a19 páginas ;
_c26 cm.
650 7 _aPesos y medidas
_2embne
_9136691
852 _aES-MaACL
_cDEPOF
_fEx-libris ms. de Antonio Escobar
_hDonativo de Antonio Escobar Laredo
_jT-242-F-9
_xEnc. en un vol. facticio
_xHolandesa, falto de cub. original
942 _2udc
_cFOLLETOS
_n0
999 _c155298
_d155298